000 00472nam a2200181Ia 4500
008 100917s9999 xx 000 0 und d
082 _b62161
100 _aसाळोखे विलास
245 _aत्रशिुल
260 _bगुरू प्रकाशन
_c1982
300 _a82
365 _b8
520 _aनाटक
630 _aत्रशिुल
650 _aनाटक
730 _aत्रशिुल
942 _cBOOK
999 _c667555
_d667552